| 000 | 00878nam a2200265Ia 4500 | ||
|---|---|---|---|
| 003 | OSt | ||
| 005 | 20220923210954.0 | ||
| 006 | a|||||r|||| 00| 0 | ||
| 007 | ta | ||
| 008 | 220922b |||||||| |||| 00| 0 hin d | ||
| 020 |
_a8126311495 (hbk) _c95 |
||
| 024 | _a284,850 | ||
| 037 |
_b30, 14/03/2015, P. K. Books _cTextual |
||
| 040 |
_aARTS _cARTS _bhin |
||
| 041 |
_2hin _ahin |
||
| 082 | _aO152,3N73x, P6 | ||
| 100 |
_aकविता _9156691 |
||
| 245 | 0 | _aमेरी नाप के कपडे़ | |
| 246 | _aMerī nāp ke kapaḍe़ | ||
| 260 |
_aनयी दिल्ली _b भारतीय ज्ञानपीठ _c2006 |
||
| 300 |
_a142पृ. _ccm. |
||
| 650 |
_aहिन्दी साहित्य _9156264 |
||
| 942 |
_hO152,3N73x, P6 _cTEXL _2CC |
||
| 999 |
_c293329 _d293329 |
||